logo

Bir Sreshtho Munshi Abdur Rouf Library
Jhenaidah Cadet College

The province of prose / (Record no. 9060)

MARC details
000 -LEADER
fixed length control field 00709cam a22002651 4500
001 - CONTROL NUMBER
JCCL Control Number 9060
003 - CONTROL NUMBER IDENTIFIER
JCCL marc code BD-JhCC
005 - DATE AND TIME OF LATEST TRANSACTION
control field 20180321172754.0
008 - FIXED-LENGTH DATA ELEMENTS--GENERAL INFORMATION
fixed length control field 741127s1956 xx 000 0 eng
035 ## - SYSTEM CONTROL NUMBER
system control number (BD-JhCC)9060
040 ## - CATALOGING SOURCE
Original cataloging agency DLC
Transcribing agency ICarbS
Modifying agency DLC
-- BD-JhCC
041 ## - LANGUAGE CODE
Language code of Book eng
050 00 - LIBRARY OF CONGRESS CALL NUMBER
Classification number PR1363
Item number .K4
082 ## - DEWEY DECIMAL CLASSIFICATION NUMBER
Classification number 824.082
Author mark and Year KEA 1956
100 1# - MAIN ENTRY--PERSONAL NAME
Personal name Keast, William R.,
245 14 - TITLE STATEMENT
Title The province of prose /
Statement of responsibility, etc edited by William R. Keast and Robert E. Streeter.
250 ## - EDITION STATEMENT
Edition statement 2nd ed.
260 ## - PUBLICATION, DISTRIBUTION, ETC. (IMPRINT)
Place of publication, distribution, etc New York,
Name of publisher, distributor, etc Harper
Date of publication, distribution, etc [1956]
300 ## - PHYSICAL DESCRIPTION
Pagination 801 p.
Dimensions 25 cm.
650 #0 - SUBJECT ADDED ENTRY--TOPICAL TERM
Topical term or geographic name as entry element English essays.
650 #0 - SUBJECT ADDED ENTRY--TOPICAL TERM
Topical term or geographic name as entry element American essays.
700 1# - ADDED ENTRY--PERSONAL NAME
Personal name Streeter, Robert E.,
942 ## - ADDED ENTRY ELEMENTS (KOHA)
Source of classification or shelving scheme Dewey Decimal Classification
Koha item type Books
Holdings
Source of classification or shelving scheme Damaged status Not for loan Home library Current library Shelving location Total Checkouts Full call number Barcode Date last seen Copy number Koha item type
Dewey Decimal Classification     JCC Rouf Library JCC Rouf Library General Stacks   824.082 KEA 1956 11995 03/07/2018 C - 1 Books

JCC Library | Contacts | JCC Home

Last Update on 23 September 2017
Copyright @ 2017-2020 JCC Rouf Library
Rouf Library, Jhenidah Cadet College (JCC), Bangladesh